[Event "Ruhrgebiet Verbandsliga Gruppe 1 1819"]
[Site "Nordrheinwestfalen"]
[Date "2018.11.04"]
[Round "3.3"]
[White "Nowak, Steven"]
[Black "Foerster, Wolfgang"]
[Result "1/2-1/2"]
[WhiteElo "1909"]
[BlackElo "1953"]
[PlyCount "68"]
[EventDate "2018.09.23"]
[EventType "team-tourn"]
[EventRounds "9"]
[EventCountry "GER"]
[SourceTitle "EXT 2022"]
[Source "ChessBase"]
[SourceDate "2021.10.06"]
[SourceVersion "1"]
[SourceVersionDate "2021.10.06"]
[SourceQuality "1"]
[WhiteTeam "Bottrop SV"]
[BlackTeam "Sodingen/Castrop SK II"]
[WhiteTeamCountry "GER"]
[BlackTeamCountry "GER"]

1. Nf3 g6 2. g3 Bg7 3. Bg2 Nf6 4. 0-0 0-0 5. c4 c6 6. d3 d6 7. Nc3 e5 8. h3 h6 9. Rb1 Nh5 10. e4 a5 11. d4 Nd7 12. Be3 Qe8 13. Qd2 Kh7 14. dxe5 dxe5 15. Rfd1 f5 16. exf5 gxf5 17. Qc2 e4 18. Nh4 Ne5 19. Nxe4 fxe4 20. Bxe4+ Kg8 21. f4 Nxg3 22. Bh7+ Kh8 23. fxe5 Qh5 24. Ng6+ Kxh7 25. Nxf8+ Kg8 26. Qh7+ Kxf8 27. Rd8+ Ke7 28. Qxg7+ Kxd8 29. Bb6+ Ke8 30. Qxg3 Qg5 31. Kh2 Be6 32. Qxg5 hxg5 33. c5 Ke7 34. Rg1 Rh8 1/2-1/2

[Event "Ruhrgebiet Verbandsliga Gruppe 1 1617"]
[Site "Germany"]
[Date "2017.04.30"]
[Round "9.3"]
[White "Greger, Helmut"]
[Black "Nowak, Steven"]
[Result "1-0"]
[WhiteElo "1950"]
[BlackElo "1986"]
[PlyCount "70"]
[EventDate "2016.09.04"]
[EventType "team-tourn"]
[EventRounds "9"]
[EventCountry "GER"]
[SourceTitle "EXT 2022"]
[Source "ChessBase"]
[SourceDate "2021.10.06"]
[SourceVersion "1"]
[SourceVersionDate "2021.10.06"]
[SourceQuality "1"]
[WhiteTeam "Steele/Kray Rochade"]
[BlackTeam "Bottrop SV"]
[WhiteTeamCountry "GER"]
[BlackTeamCountry "GER"]

1. c4 e5 2. Nc3 f5 3. d4 e4 4. Nh3 Nf6 5. g3 Nc6 6. Bg2 d5 7. cxd5 Nb4 8. 0-0 Nbxd5 9. Bg5 Be7 10. f3 h6 11. Bxf6 Bxf6 12. Nxd5 Qxd5 13. e3 0-0 14. fxe4 fxe4 15. Nf4 Qd6 16. Qb3+ Kh7 17. Bxe4+ g6 18. Nxg6 Rd8 19. Qf7+ Bg7 20. Rf4 Bd7 21. Raf1 Bc6 22. Bd3 Bd5 23. Ne7+ Kh8 24. Nxd5 Qxd5 25. Qg6 Qg8 26. Rf7 Rd6 27. Qh5 Rf8 28. Rxf8 Bxf8 29. Rf7 Bg7 30. Qf5 Rc6 31. Kg2 a6 32. g4 b5 33. h4 Rd6 34. g5 c5 35. Re7 Rd8 1-0

[Event "Ruhrgebiet Verbandsliga Gruppe 1 1617"]
[Site "Germany"]
[Date "2016.12.18"]
[Round "5.3"]
[White "Pahne, Dirk"]
[Black "Nowak, Steven"]
[Result "0-1"]
[WhiteElo "1881"]
[BlackElo "2011"]
[PlyCount "86"]
[EventDate "2016.09.04"]
[EventType "team-tourn"]
[EventRounds "9"]
[EventCountry "GER"]
[SourceTitle "EXT 2022"]
[Source "ChessBase"]
[SourceDate "2021.10.06"]
[SourceVersion "1"]
[SourceVersionDate "2021.10.06"]
[SourceQuality "1"]
[WhiteTeam "Eving SV Rochade"]
[BlackTeam "Bottrop SV"]
[WhiteTeamCountry "GER"]
[BlackTeamCountry "GER"]

1. e4 d6 2. d4 g6 3. c3 Bg7 4. Bg5 c6 5. Nd2 Qa5 6. Ngf3 Bg4 7. Qb3 Qc7 8. Bc4 e6 9. 0-0 d5 10. exd5 exd5 11. Rfe1+ Be6 12. Bd3 Nf6 13. Bf4 Qxf4 14. Qxb7 0-0 15. Qxa8 Qc7 16. Ne5 Ng4 17. Ndf3 Nxe5 18. Nxe5 Bxe5 19. Rxe5 Nd7 20. Qxf8+ Kxf8 21. Re2 Qf4 22. Rae1 h5 23. Bxg6 Qg5 24. Bh7 Nf6 25. Bc2 h4 26. f3 Qf4 27. Bd1 Nd7 28. Re3 c5 29. dxc5 Nxc5 30. b4 Nd7 31. Ba4 Nf6 32. Bc6 Qc4 33. b5 Qxa2 34. g4 hxg3 35. hxg3 Nh5 36. R1e2 Qb1+ 37. Re1 Qg6 38. g4 Nf4 39. Kh2 Qh6+ 40. Kg3 Kg7 41. Ra1 Qh3+ 42. Kxf4 Qh2+ 43. Kg5 f6# 0-1

[Event "Ruhrgebiet Verbandsklasse Gruppe 1 1516"]
[Site "Germany"]
[Date "2016.03.20"]
[Round "8.2"]
[White "Poetter, Clemens"]
[Black "Nowak, Steven"]
[Result "1/2-1/2"]
[WhiteElo "1992"]
[BlackElo "2014"]
[PlyCount "75"]
[EventDate "2015.09.06"]
[EventType "team-tourn"]
[EventRounds "9"]
[EventCountry "GER"]
[SourceTitle "EXT 2022"]
[Source "ChessBase"]
[SourceDate "2021.10.06"]
[SourceVersion "1"]
[SourceVersionDate "2021.10.06"]
[SourceQuality "1"]
[WhiteTeam "Borbeck Weisse Dame II"]
[BlackTeam "Bottrop SV II"]
[WhiteTeamCountry "GER"]
[BlackTeamCountry "GER"]

1. d4 Nf6 2. Nf3 g6 3. g3 Bg7 4. Bg2 d6 5. c4 Nc6 6. d5 Nb8 7. Nc3 Bg4 8. h3 Bxf3 9. Bxf3 Qc8 10. Bg2 c5 11. dxc6 bxc6 12. Bd2 a5 13. 0-0 Nbd7 14. Rb1 0-0 15. Na4 Qa6 16. Qc2 d5 17. cxd5 cxd5 18. Bc3 e5 19. Rfd1 Qb5 20. b3 Ra7 21. Bb2 d4 22. Ba3 Rd8 23. Qd2 Bf8 24. Bxf8 Nxf8 25. Rbc1 Ne6 26. Bc6 Qb8 27. Rc4 e4 28. Kg2 Qe5 29. f4 Qf5 30. Rdc1 Rc7 31. Nb2 h5 32. h4 Qg4 33. Rf1 Qf5 34. Rfc1 Qg4 35. Rf1 Qf5 36. Rfc1 Ng4 37. Nd1 Nf6 38. Nb2 1/2-1/2

[Event "Ruhrgebiet Verbandsklasse Gruppe 1 1516"]
[Site "Germany"]
[Date "2016.02.21"]
[Round "7.1"]
[White "Nowak, Steven"]
[Black "Hessel, Malte"]
[Result "1-0"]
[WhiteElo "1994"]
[BlackElo "1944"]
[PlyCount "81"]
[EventDate "2015.09.06"]
[EventType "team-tourn"]
[EventRounds "9"]
[EventCountry "GER"]
[SourceTitle "EXT 2022"]
[Source "ChessBase"]
[SourceDate "2021.10.06"]
[SourceVersion "1"]
[SourceVersionDate "2021.10.06"]
[SourceQuality "1"]
[WhiteTeam "Bottrop SV II"]
[BlackTeam "Sodingen/Castrop SK III"]
[WhiteTeamCountry "GER"]
[BlackTeamCountry "GER"]

1. c4 Nf6 2. Nc3 e5 3. g3 Be7 4. Bg2 0-0 5. e3 Nc6 6. Nge2 d6 7. 0-0 Be6 8. Nd5 Nd7 9. b3 f5 10. Bb2 Bf6 11. d4 Rb8 12. Nxf6+ Nxf6 13. d5 Bd7 14. dxc6 bxc6 15. c5 Qe7 16. cxd6 cxd6 17. Rc1 d5 18. Qd2 Rfc8 19. Qc3 e4 20. Qc5 Qf7 21. Bxf6 Qxf6 22. Qxa7 Qd6 23. Qc5 Qe5 24. Qd4 Qd6 25. Rc5 Ra8 26. a4 Rcb8 27. Nc1 Kh8 28. Rd1 Rb6 29. Rd2 Rab8 30. a5 Rb4 31. Qc3 R4b5 32. Rc2 Rb4 33. Rd2 R4b5 34. Rxb5 cxb5 35. Rc2 Kg8 36. Qc7 Qxc7 37. Rxc7 Rc8 38. Rxc8+ Bxc8 39. Bf1 Ba6 40. b4 Kf7 41. Nb3 1-0

[Event "Ruhrgebiet Verbandsklasse Gruppe 1 1516"]
[Site "Germany"]
[Date "2016.01.24"]
[Round "6.1"]
[White "Bree, Thomas"]
[Black "Nowak, Steven"]
[Result "1/2-1/2"]
[WhiteElo "2065"]
[BlackElo "1994"]
[PlyCount "30"]
[EventDate "2015.09.06"]
[EventType "team-tourn"]
[EventRounds "9"]
[EventCountry "GER"]
[SourceTitle "EXT 2022"]
[Source "ChessBase"]
[SourceDate "2021.10.06"]
[SourceVersion "1"]
[SourceVersionDate "2021.10.06"]
[SourceQuality "1"]
[WhiteTeam "Brackel SF III"]
[BlackTeam "Bottrop SV II"]
[WhiteTeamCountry "GER"]
[BlackTeamCountry "GER"]

1. d4 Nf6 2. Bg5 e6 3. Nd2 Be7 4. e3 d5 5. Bd3 c5 6. c3 Nc6 7. Ngf3 h6 8. Bh4 Qb6 9. Rb1 0-0 10. Ne5 cxd4 11. Nxc6 bxc6 12. exd4 Ba6 13. Qe2 Bxd3 14. Qxd3 c5 15. dxc5 Qxc5 1/2-1/2

[Event "Ruhrgebiet Verbandsklasse Gruppe 1 1516"]
[Site "Germany"]
[Date "2015.12.20"]
[Round "5.1"]
[White "Nowak, Steven"]
[Black "Adiyaman, Rene"]
[Result "1/2-1/2"]
[WhiteElo "1994"]
[BlackElo "1997"]
[PlyCount "127"]
[EventDate "2015.09.06"]
[EventType "team-tourn"]
[EventRounds "9"]
[EventCountry "GER"]
[SourceTitle "EXT 2022"]
[Source "ChessBase"]
[SourceDate "2021.10.06"]
[SourceVersion "1"]
[SourceVersionDate "2021.10.06"]
[SourceQuality "1"]
[WhiteTeam "Bottrop SV II"]
[BlackTeam "Welper SV II"]
[WhiteTeamCountry "GER"]
[BlackTeamCountry "GER"]

1. c4 Nf6 2. Nc3 c6 3. d4 d5 4. Nf3 dxc4 5. a4 Bf5 6. e3 e6 7. Bxc4 Bb4 8. 0-0 0-0 9. Nh4 Bg4 10. Be2 Bxe2 11. Nxe2 Bd6 12. Nf3 Qc7 13. Bd2 a5 14. Nc3 Nbd7 15. Rc1 Qb8 16. e4 e5 17. h3 exd4 18. Nxd4 Nc5 19. Qc2 Rd8 20. Be3 Bh2+ 21. Kh1 Bf4 22. Bxf4 Qxf4 23. Nce2 Qh4 24. Qxc5 Nxe4 25. Qf5 Rd5 26. Nf3 Nxf2+ 27. Kg1 Qe7 28. Qc2 Nd3 29. Nc3 Qc5+ 30. Kh2 Nxc1 31. Rxc1 Qd6+ 32. Kg1 Rd3 33. Rd1 Rd8 34. Rxd3 Qxd3 35. Qxd3 Rxd3 36. Kf2 Rd8 37. Ke3 b5 38. axb5 cxb5 39. Nxb5 Rd1 40. b3 Kf8 41. Nbd4 Ke8 42. Ke2 Ra1 43. Kd3 Ra2 44. g4 Rg2 45. g5 Ra2 46. Nc2 Ke7 47. Nfd4 g6 48. Kc3 a4 49. b4 Kd6 50. Ne2 a3 51. Ned4 Ke5 52. Nb5 Rb2 53. Nbxa3 Rxb4 54. Nxb4 Kf5 55. h4 Kg4 56. Nd5 Kxh4 57. Nf6 Kxg5 58. Nxh7+ Kh6 59. Nf6 Kg5 60. Nh7+ Kg4 61. Kd3 f5 62. Ke2 f4 63. Nc2 g5 64. Nxg5 1/2-1/2

[Event "Ruhrgebiet VK2 1213"]
[Site "Nordrheinwestfalen"]
[Date "2013.04.28"]
[Round "9"]
[White "Nowak, Steven"]
[Black "Hartung, Thomas"]
[Result "0-1"]
[WhiteElo "1910"]
[BlackElo "1840"]
[PlyCount "119"]
[EventDate "2012.09.02"]
[EventType "team-tourn"]
[EventRounds "9"]
[EventCountry "GER"]
[SourceTitle "EXT 2020"]
[Source "ChessBase"]
[SourceDate "2019.10.17"]
[SourceVersion "1"]
[SourceVersionDate "2019.10.17"]
[SourceQuality "1"]
[WhiteTeam "Bottrop SV II"]
[BlackTeam "Annen Sport Union"]
[WhiteTeamCountry "GER"]
[BlackTeamCountry "GER"]

1. d4 Nf6 2. Nf3 g6 3. c4 c5 4. d5 b5 5. cxb5 a6 6. bxa6 Bxa6 7. Nc3 d6 8. g3 Bg7 9. Bg2 0-0 10. 0-0 Nbd7 11. Re1 Qc7 12. e4 Rfb8 13. Rb1 Ng4 14. Qc2 Nge5 15. Nxe5 Nxe5 16. Rd1 c4 17. Ne2 Qa5 18. a3 Nd3 19. Bd2 Qb6 20. Be3 Qb3 21. Qxb3 Rxb3 22. Nc1 Nxc1 23. Rbxc1 Bxb2 24. Rc2 Bxa3 25. Bf1 c3 26. Bxa6 Rxa6 27. Bd4 Bb2 28. Rd3 Raa3 29. f4 f6 30. Kf2 Kf7 31. Re3 Ba1 32. Ree2 Ra4 33. Ke3 Rbb4 34. Bxc3 Bxc3 35. Rxc3 Rxe4+ 36. Kf3 Rxe2 37. Kxe2 Ra2+ 38. Kf3 Rxh2 39. Rc8 h5 40. Rh8 f5 41. Ra8 Rd2 42. Ra5 Rd3+ 43. Kg2 Kf6 44. Kh3 Rd2 45. Rb5 g5 46. fxg5+ Kxg5 47. Rb7 Kf6 48. Rb5 Rc2 49. Rb3 Rd2 50. Rb5 Re2 51. Rb4 Re4 52. Rb7 Re5 53. Kh4 Rxd5 54. Kxh5 Rd2 55. Rb4 Rh2+ 56. Rh4 Rxh4+ 57. gxh4 d5 58. Kh6 d4 59. Kh7 d3 60. h5 0-1

[Event "Ruhrgebiet VK2 1213"]
[Site "Nordrheinwestfalen"]
[Date "2013.02.24"]
[Round "7"]
[White "Nowak, Steven"]
[Black "Krueger, Erich"]
[Result "1/2-1/2"]
[WhiteElo "1910"]
[BlackElo "2114"]
[PlyCount "72"]
[EventDate "2012.09.02"]
[EventType "team-tourn"]
[EventRounds "9"]
[EventCountry "GER"]
[SourceTitle "EXT 2020"]
[Source "ChessBase"]
[SourceDate "2019.10.17"]
[SourceVersion "1"]
[SourceVersionDate "2019.10.17"]
[SourceQuality "1"]
[WhiteTeam "Bottrop SV II"]
[BlackTeam "Katernberg SF III"]
[WhiteTeamCountry "GER"]
[BlackTeamCountry "GER"]

1. d4 Nf6 2. Nf3 g6 3. g3 Bg7 4. Bg2 d6 5. c4 0-0 6. 0-0 c6 7. Nbd2 Nbd7 8. b3 e5 9. Bb2 e4 10. Ng5 e3 11. Ndf3 exf2+ 12. Kh1 Ng4 13. Qd3 d5 14. Nh3 Nc5 15. dxc5 Bxb2 16. Rad1 Qe7 17. cxd5 cxd5 18. Nf4 Bf5 19. Qd2 Bg7 20. Nxd5 Qxc5 21. b4 Qd6 22. Nd4 Rae8 23. Nxf5 gxf5 24. Bf3 Qe5 25. e4 Bh6 26. Qd4 Qxd4 27. Rxd4 Kh8 28. Bxg4 fxg4 29. Nf6 Bg7 30. e5 Rxe5 31. Nxg4 Re2 32. Rd7 Rxa2 33. Rxb7 Bd4 34. Kg2 f5 35. Nh6 f4 36. Nf7+ Kg7 1/2-1/2

[Event "Ruhrgebiet VK2 1213"]
[Site "Nordrheinwestfalen"]
[Date "2012.12.02"]
[Round "4.3"]
[White "Laarmann, Gerd"]
[Black "Nowak, Steven"]
[Result "1-0"]
[WhiteElo "1917"]
[BlackElo "1910"]
[PlyCount "73"]
[EventDate "2012.09.02"]
[EventType "team-tourn"]
[EventRounds "9"]
[EventCountry "GER"]
[SourceTitle "EXT 2020"]
[Source "ChessBase"]
[SourceDate "2019.10.17"]
[SourceVersion "1"]
[SourceVersionDate "2019.10.17"]
[SourceQuality "1"]
[WhiteTeam "Rochade Steele/Kray"]
[BlackTeam "Bottrop SV II"]
[WhiteTeamCountry "GER"]
[BlackTeamCountry "GER"]

1. d4 Nf6 2. Nf3 e6 3. Nbd2 d5 4. e3 c5 5. b3 Nc6 6. Bb2 a6 7. Bd3 b5 8. c4 bxc4 9. bxc4 cxd4 10. Nxd4 Nxd4 11. Bxd4 dxc4 12. Bxc4 Be7 13. 0-0 0-0 14. Qe2 Bb7 15. Nb3 Bd6 16. Rac1 Qe7 17. Bd3 a5 18. Nc5 e5 19. Nxb7 exd4 20. Nxd6 Qxd6 21. exd4 Qxd4 22. Rfd1 Rae8 23. Qxe8 Rxe8 24. Bxh7+ Kxh7 25. Rxd4 Re2 26. Ra4 Re5 27. f3 Rb5 28. Rc7 Nd5 29. Rxf7 Rb1+ 30. Kf2 Rb2+ 31. Kg3 Ne3 32. Rxa5 Rxg2+ 33. Kf4 Kg8 34. Rb7 Nc4 35. Rg5 Rxa2 36. Rgxg7+ Kh8 37. Rgc7 1-0

[Event "Ruhrgebiet VK2 1213"]
[Site "Nordrheinwestfalen"]
[Date "2012.10.28"]
[Round "3.3"]
[White "Nowak, Steven"]
[Black "Hermann, Juergen"]
[Result "1/2-1/2"]
[WhiteElo "1910"]
[BlackElo "1891"]
[PlyCount "39"]
[EventDate "2012.09.02"]
[EventType "team-tourn"]
[EventRounds "9"]
[EventCountry "GER"]
[SourceTitle "EXT 2020"]
[Source "ChessBase"]
[SourceDate "2019.10.17"]
[SourceVersion "1"]
[SourceVersionDate "2019.10.17"]
[SourceQuality "1"]
[WhiteTeam "Bottrop SV II"]
[BlackTeam "Holsterhausen SK II"]
[WhiteTeamCountry "GER"]
[BlackTeamCountry "GER"]

1. d4 Nf6 2. Nf3 e6 3. g3 d5 4. Bg2 b5 5. 0-0 Nbd7 6. b3 Bb7 7. Bb2 Be7 8. Nbd2 c5 9. dxc5 Nxc5 10. Rc1 0-0 11. e3 Rc8 12. Ne5 a5 13. Re1 a4 14. Ndf3 Nce4 15. Nd4 a3 16. Ba1 b4 17. Bf1 Nc3 18. Bxc3 Rxc3 19. f4 g6 20. Bd3 1/2-1/2